ბათუმის შოთა რუსთაველის სახელმწიფო უნივერსიტეტის ბიბლიოთეკა

Mathematics Methods for Elementary and Middle School Teachers / (ბიბ.ჩანაწერი № 61284)

000 -LEADER
fixed length control field 00788nam a22001817a 4500
005 - DATE AND TIME OF LATEST TRANSACTION
control field 20240125120230.0
008 - FIXED-LENGTH DATA ELEMENTS--GENERAL INFORMATION
fixed length control field 240125s2008 enk||||| |||| 00| 0 eng d
020 ## - INTERNATIONAL STANDARD BOOK NUMBER
International Standard Book Number 9780470136294x
041 ## - LANGUAGE CODE
Language code of text/sound track or separate title eng
080 ## - UNIVERSAL DECIMAL CLASSIFICATION NUMBER
Universal Decimal Classification number 51(075.8) M-39
245 ## - TITLE STATEMENT
Title Mathematics Methods for Elementary and Middle School Teachers /
Statement of responsibility, etc. Mary M. Hatfield, Nancy Tanner Edwards, Gary G. Bitter, Jean Morrow.
250 ## - EDITION STATEMENT
Edition statement 6th Edition
264 ## - PRODUCTION, PUBLICATION, DISTRIBUTION, MANUFACTURE, AND COPYRIGHT NOTICE
Place of production, publication, distribution, manufacture Hoboken:
Name of producer, publisher, distributor, manufacturer ‎ Wiley,
Date of production, publication, distribution, manufacture, or copyright notice 2008.
300 ## - PHYSICAL DESCRIPTION
Extent 476 p.:
Other physical details ill.;
Dimensions 28 cm.
653 ## - INDEX TERM--UNCONTROLLED
keyword მათემატიკის მეთოდები დაწყებითი და საშუალო სკოლის მასწავლებლებისთვის
700 ## - ADDED ENTRY--PERSONAL NAME
Personal name Hatfield, Mary M.
Relator term ავტორი
9 (RLIN) 21128
942 ## - ADDED ENTRY ELEMENTS (KOHA)
Source of classification or shelving scheme
Koha item type წიგნი
ეგზემპლარები
Withdrawn status Lost status Source of classification or shelving scheme Damaged status Not for loan Permanent Location Current Location Shelving location Date acquired Cost, normal purchase price Full call number Barcode Date last seen Copy number Price effective from Koha item type Public note
          ბათუმის შოთა რუსთაველის სახელმწიფო უნივერსიტეტის მთავარი ბიბლიოთეკა ბათუმის შოთა რუსთაველის სახელმწიფო უნივერსიტეტის მთავარი ბიბლიოთეკა წიგნსაცავი 2024-01-25 525.00 51(075.8) M-39 67175 2024-01-25 67175 2024-01-25 წიგნი 525 ლ.
          ბათუმის შოთა რუსთაველის სახელმწიფო უნივერსიტეტის მთავარი ბიბლიოთეკა ბათუმის შოთა რუსთაველის სახელმწიფო უნივერსიტეტის მთავარი ბიბლიოთეკა წიგნსაცავი 2024-02-06 525.00 51(075.8) M-39 67243 2024-02-06 67243 2024-02-06 წიგნი 525.00